00717nam a2200241 a 4500001001300000003000900013005001700022008004100039020000900080082001600089100001900105245005100124260005400175300000800229500003500237505001700272650002200289700001900311902000800330942000700338952011500345999001500460nice12345678IN_TiNIC20260116012334.0050524s1984 usaa grp 000 0 eng  ac1800a221.93bSHO aShorrosh, Anis aExciting Discovery of the Ark of the Covenant. aUSAbAnis Shorrosh Evangelistic Associationc1984 a47p aincludes index and biblioraphy2 aBibliography aBible-Archaeology1 aShorrosh, Anis bSRS cBK 001040708StackRoom-aHMIbHMId2007-06-21g18.00l0o221.93 SHOp012616r2007-06-21v18.00w2005-05-24yBK c6626d6626